| 000 | 00340nam a2200133Ia 4500 | ||
|---|---|---|---|
| 008 | 220204s9999 xx 000 0 und d | ||
| 082 |
_a677.494 _bGIL;1 |
||
| 100 | _aGill, R M | ||
| 245 | 0 | _aCarbon fibres in composite materials | |
| 260 |
_aLondon _bIliffe _c1972 |
||
| 650 | _aCarbon fibres | ||
| 650 | _aComposite materials | ||
| 942 | _cBK | ||
| 999 |
_c32039 _d32039 |
||